Los restos de Colon (Record no. 163350)

MARC details
000 -LEADER
campo de control de longitud fija 01140nam a22002175i 4500
001 - NÚMERO DE CONTROL
campo de control 163350
003 - IDENTIFICADOR DE NÚMERO DE CONTROL
campo de control ES-MaACL
005 - FECHA Y HORA DE LA ÚLTIMA TRANSACCIÓN
campo de control 20230906212725.0
008 - DATOS DE LONGITUD FIJA--INFORMACIÓN GENERAL
campo de control de longitud fija 981008s1879 sp f |||| | spa d
040 ## - FUENTE DE CATALOGACIÓN
Centro catalogador/agencia de origen CCPB | B
Lengua de catalogación spa
Centro/agencia transcriptor CCPB | B
245 04 - MENCIÓN DEL TÍTULO
Título Los restos de Colon
Resto del título : informe de la Real Academia de la Historia al Gobierno de S. M. sobre el supuesto hallazgo de los verdaderos restos de Cristóval [sic] Colon en la Iglesia Catedral de Santo Domingo /
Mención de responsabilidad, etc. publicado por el Ministerio de Fomento.
260 ## - PUBLICACIÓN, DISTRIBUCIÓN, ETC.
Lugar de publicación, distribución, etc. Madrid :
Nombre del editor, distribuidor, etc. [s.n.],
Fecha de publicación, distribución, etc. 1879 (
Fabricante Imprenta y Fundicion de M. Tello)
300 ## - DESCRIPCIÓN FÍSICA
Extensión VIII, 197 p., [5] h. de lám., [1] h. pleg. ;
Dimensiones 18 cm.
594 ## - Nota al título y mención de responsabilidad
Nota al título y mención de responsabilidad Según Palau el autor es Manuel Colmeiro.
599 ## - NOTA A LAS ILUSTRACIONES
NOTA A LAS ILUSTRACIONES Las h. de grab. y la h. de grab. pleg. son facsímiles de inscripciones encontradas en una urna de Cristobal Colón descubierta en la Catedral de Santo Domingo.
600 14 - PUNTO DE ACCESO ADICIONAL DE MATERIA--NOMBRE DE PERSONA
Nombre de persona Colón, Cristóbal.
9 (RLIN) 39869
650 #4 - PUNTO DE ACCESO ADICIONAL DE MATERIA--TÉRMINO DE MATERIA
Término de materia o nombre geográfico como elemento de entrada Investigación histórica.
9 (RLIN) 136315
700 1# - ENTRADA AGREGADA--NOMBRE PERSONAL
Nombre de persona Colmeiro, Manuel (
Fechas asociadas al nombre 1818-1894)
9 (RLIN) 39768
710 2# - ENTRADA AGREGADA--NOMBRE DE ENTIDAD CORPORATIVA
Nombre de entidad corporativa o nombre de jurisdicción como elemento de entrada Real Academia de la Historia (España)
9 (RLIN) 6309
852 ## - LOCALIZACIÓN
Ubicación ES-MaACL
Número de control de estantería F-9311
Nota libre -- Enc. pasta española
Holdings
Estatus retirado Estado de pérdida Estado de daño No para préstamo Colección Biblioteca de origen Biblioteca actual Ubicación en estantería Fecha de adquisición Fuente de adquisición Total de préstamos Signatura topográfica completa Código de barras Visto por última vez Precio de reemplazo Tipo de ítem Koha
        Libros del s. XIX Biblioteca del Ateneo de Madrid Biblioteca del Ateneo de Madrid Sala Pecera Planta 2 17/01/2008     F-9311 1171176 23/02/2023 23/02/2023 Libro impreso antiguo